| 000 | 00867nam a22002897a 4500 | ||
|---|---|---|---|
| 003 | CHAP | ||
| 005 | 20220329135208.0 | ||
| 008 | 971013s1977 r 00010 d | ||
| 010 | _a32434 | ||
| 011 | _a33406 | ||
| 035 | _a37521 | ||
| 040 | _cCHAP | ||
| 082 |
_a630.9439 _bC8 |
||
| 100 | 0 | 0 |
_aCsizmadia, Erno. _929693 |
| 245 | _aSocialist agriculture in Hungrary | ||
| 260 |
_aBudapest : _bAkademia Kiado, _c1977 |
||
| 300 | _a178 p. | ||
| 590 |
_aBATCH-UPD _b10 _c20130110 _lUCH01 _h1140 |
||
| 590 |
_aBATCH-UPD _b10 _c20130410 _lUCH01 _h0726 |
||
| 590 |
_aBATCH-UPD _b10 _c20130913 _lUCH01 _h2248 |
||
| 590 |
_aCONVERSION _b10 _c20130109 _lUCH01 _h1318 |
||
| 650 | 1 | 4 |
_aAgricultura y socialismo. _92077 |
| 650 | 1 | 4 |
_aAgricultura _xHungrĂa. _91541 |
| 901 | _aBK | ||
| 942 | _cLIBRO | ||
| 949 |
_a630.9439 C8 _bBC _cLIBRO _d33724000562005 _eLIBRO _h52036 _i37521 _si _t364.00 |
||
| 999 |
_c32434 _d32434 |
||